| 000 | 00474nam a2200205Ia 4500 | ||
|---|---|---|---|
| 999 |
_c59251 _d59251 |
||
| 003 | 0100 | ||
| 005 | 20190228114806.0 | ||
| 008 | 130303s9999 xx 000 0 und d | ||
| 040 | _cARRUPELIB | ||
| 050 | _aHQ1075.G462 1992 | ||
| 100 |
_aMinas, Anne _944890 |
||
| 245 |
_aGender Basics _bfeminist perspectives on women and men _cAnne Minas |
||
| 260 |
_aCalifornia _bWadsworth _c1992 |
||
| 300 |
_axvi, 545p. ; _c22cm |
||
| 650 |
_bSex role _944891 |
||
| 650 |
_bFeminist theory _944892 |
||
| 942 |
_2lcc _cMONOGRAPH |
||